Detalles MARC
| 000 -Cabecera |
| Campo de control de longitud fija |
01422nam a22005057a 4500 |
| 005 - Fecha y hora de la última transacción |
| Campo de control |
20250923170148.0 |
| 008 - Elementos de longitud fija--Información general |
| Campo de control de longitud fija |
180419b2017 xxu||||| |||| 00| 0 spa d |
| 020 ## - International Standard Book Number |
| Número Internacional Estándar del Libro (ISBN) |
9786074486544 |
| 041 ## - Idioma |
| Código de idioma |
Español |
| 082 ## - Clasificación Decimal Dewey |
| Número de clasificación |
617.522 A444e |
| 100 ## - Entrada principal--Autor personal |
| Nombre personal |
Almaguer Flores, Argelia |
| 9 (RLIN) |
46830 |
| 100 ## - Entrada principal--Autor personal |
| Nombre personal |
Villagómez Olea, José Guillermo |
| 9 (RLIN) |
46837 |
| 245 ## - Título propiamente dicho |
| Título |
Ecología oral |
| 260 ## - Pie de imprenta |
| Lugar de publicación, distribución, etc. |
México |
| 260 ## - Pie de imprenta |
| Nombre del editor, distribuidor, etc. |
Manual Moderno |
| 260 ## - Pie de imprenta |
| Fecha de publicación, distribución, etc. |
2017 |
| 300 ## - Descripción física |
| Extensión |
229 páginas |
| 300 ## - Descripción física |
| Otras características físicas |
Ilustraciones |
| 490 ## - Serie |
| Título de la Serie |
Mecánica Dental |
| 650 ## - Materia general |
| Temática (materia general) |
CAVIDAD BUCAL |
| 650 ## - Materia general |
| Temática (materia general) |
ENFERMEDADES ORALES |
| 650 ## - Materia general |
| Temática (materia general) |
CARIES DENTAL |
| 650 ## - Materia general |
| Temática (materia general) |
ENFERMEDADES PERIODONTALES |
| 650 ## - Materia general |
| Temática (materia general) |
TEJIDOS DENTALES |
| 650 ## - Materia general |
| Temática (materia general) |
ESMALTE DENTAL |
| 650 ## - Materia general |
| Temática (materia general) |
DENTINA |
| 650 ## - Materia general |
| Temática (materia general) |
DESMINERALIZACIÓN DEL ESMALTE DENTAL |
| 650 ## - Materia general |
| Temática (materia general) |
REMINERALIZACIÓN DEL ESMALTE DENTAL |
| 650 ## - Materia general |
| Temática (materia general) |
TEJIDOS PERIODENTALES |
| 650 ## - Materia general |
| Temática (materia general) |
HUESO ALVEOLAR |
| 650 ## - Materia general |
| Temática (materia general) |
CEMENTO RADICULAR |
| 650 ## - Materia general |
| Temática (materia general) |
LIGAMENTO PERIODONTAL |
| 650 ## - Materia general |
| Temática (materia general) |
SECRECIÓN SALIVAL |
| 650 ## - Materia general |
| Temática (materia general) |
BIOPELÍCULAS ORALES |
| 650 ## - Materia general |
| Temática (materia general) |
BACTERIAS ORALES |
| 650 ## - Materia general |
| Temática (materia general) |
INFECCIONES FÚNGICAS ORALES |
| 650 ## - Materia general |
| Temática (materia general) |
DISPOSITIVOS BIOMÉDICOS |
| 650 ## - Materia general |
| Temática (materia general) |
BIOMATERIALES |
| 650 ## - Materia general |
| Temática (materia general) |
IMPLANTES DENTALES |
| 650 ## - Materia general |
| Temática (materia general) |
RESINAS ACRÍLICAS |
| 650 ## - Materia general |
| Temática (materia general) |
AMALGAMAS |
| 650 ## - Materia general |
| Temática (materia general) |
RESTAURACIONES EN CERÁMICA |
| 650 ## - Materia general |
| Temática (materia general) |
RESINAS COMPUESTAS |
| 942 ## - Punto de acceso adicional KOHA |
| Tipo de ítem KOHA |
Libro |
| Fuente del sistema de clasificación o colocación |
Dewey Decimal Classification |